| 000 | 00607nam a2200193 a 4500 | ||
|---|---|---|---|
| 001 | 000040329 | ||
| 005 | 20201002034048.0 | ||
| 008 | 130821s2005 mx 000 0 spa d | ||
| 020 | _a970322752X | ||
| 040 |
_aDO-SdBNP _bspa _cBNPHU |
||
| 100 | 1 |
_aArreola, Juan José _952983 |
|
| 245 | 1 | 0 |
_aGunther Stapenhorst / _cJuan José Arreola. |
| 260 |
_aMéxico : _bUniversidad Nacional Autónoma de México, _c2005. |
||
| 300 |
_a31 p. : _bil. ; _c21 cm. |
||
| 490 | 1 |
_aLunes _v28 |
|
| 533 |
_aFacsímil: _bMéxico _d1946 |
||
| 710 | 2 |
_aUniversidad Nacional Autónoma de México _942447 |
|
| 830 | 0 |
_aLunes _v28 _966616 |
|
| 999 |
_c39819 _d39819 |
||